| 000 | 00791nam a2200169 4500 | ||
|---|---|---|---|
| 999 |
_c4555 _d4555 |
||
| 020 | _a0521576474 | ||
| 050 |
_aHD58.6 _b.M88 |
||
| 100 | _aMuthoo, Abhinay | ||
| 245 | _aBargaining theory with applications | ||
| 260 |
_aCambridge _bCambridge University Press _c1999 |
||
| 300 |
_axii, 357p. _c24cm |
||
| 500 | _aIncludes index | ||
| 505 | _aChapter 1. Preliminaries Chapter 2. The Nash Bargaining Solution Chapter 3. The Rubinstein Model Chapter 4. Risk of Breakdown Chapter 5. Outside Options Chapter 6. Inside Options Chapter 7. Procedures Chapter 8. Commitment Tactics Chapter 9. Asymmetric Information Chapter 10. Repeated Bargaining Situations Chapter 11. Envol References Index | ||
| 650 | _aBargaining - Theory | ||
| 650 | _aNegotiation in Business | ||
| 942 | _cBK | ||